Best of Iqbal : (Record no. 142803)

MARC details
000 -LEADER
fixed length control field 00661nam a22002057a 4500
005 - DATE AND TIME OF LATEST TRANSACTION
control field 20170724152431.0
010 ## - LCCN (DPL NO)
LC control number ENG-119327
020 ## - INTERNATIONAL STANDARD BOOK NUMBER
International Standard Book Number 9788170289227
Terms of availability 250.00
020 ## - INTERNATIONAL STANDARD BOOK NUMBER
International Standard Book Number 817028922x
Terms of availability 250.00
035 ## - SYSTEM CONTROL NUMBER
System control number EN-102859
037 ## - SOURCE OF ACQUISITION
Source of stock number/acquisition DBAD/PUB
082 ## - DEWEY DECIMAL CLASSIFICATION NUMBER
Classification number 881
100 ## - MAIN ENTRY--PERSONAL NAME
Personal name Iqbal,Mohammad
245 ## - TITLE STATEMENT
Title Best of Iqbal :
Statement of responsibility, etc by Mohammad Iqbal ; transleted by Kuldeep Salil
Remainder of title selected ghazals and nazms with their English translation and in roman script also/
260 ## - PUBLICATION, DISTRIBUTION, ETC. (IMPRINT)
Place of publication, distribution, etc Delhi
Name of publisher, distributor, etc Rajpal & Sons
Date of publication, distribution, etc 2011
270 ## - ADDRESS
Address Kashmere Gate
City Delhi
Postal code 110006
300 ## - PHYSICAL DESCRIPTION
Extent 245p.
Dimensions 23cm (Hb)
700 ## - ADDED ENTRY--PERSONAL NAME
Personal name Kuldeep Salil
942 ## - ADDED ENTRY ELEMENTS (KOHA)
Source of classification or shelving scheme Dewey Decimal Classification
Item type English Books
Classification part 881
Call number suffix IQB
Holdings
Withdrawn status Lost status Not for loan Collection code Home library Current library Date acquired Source of acquisition Cost, normal purchase price Full call number Barcode Copy number Cost, replacement price Koha item type
    Not For Loan Non-fiction D.B.Act.Division Bawana 24/07/2017 DBAD/PUB 250.00 881 IQB EN-102859 1 250.00 English Books

© Delhi Public Library
Hit Counter
free hit counter